Hospodárska kríza - príčiny vzniku a dôsledky

Príčiny vzniku hospodárskej krízy a jej celosvetové vplyvy a dôsledky. Analýza vplyvov hospodárskej krízy na ekonomiku Slovenskej republiky. Na základe získaných údajov boli stanovené prognózy na rok 2013 a 2014.

Salvato in:
Dettagli Bibliografici
Autore principale: Nadányiová, Margaréta
Natura: Capitolo di libro
Lingua:slovacco
Soggetti:
Tags: Aggiungi Tag
Nessun Tag, puoi essere il primo ad aggiungerne!!

MARC

LEADER 00000nla a2200000 4500
001 0178393
005 20221020082728.4
041 0 |a slo 
044 |a SK 
245 1 0 |a Hospodárska kríza - príčiny vzniku a dôsledky  |c Margaréta Nadányiová 
520 |a Príčiny vzniku hospodárskej krízy a jej celosvetové vplyvy a dôsledky. Analýza vplyvov hospodárskej krízy na ekonomiku Slovenskej republiky. Na základe získaných údajov boli stanovené prognózy na rok 2013 a 2014. 
610 2 0 |a Slovensko 
610 2 0 |a kríza hospodárska 
610 2 0 |a pohyb cyklický hospodárstva 
610 2 0 |a produkt domáci hrubý 
610 2 0 |a inflácia 
610 2 0 |a nezamestnanosť 
100 1 |a Nadányiová, Margaréta